[Event "SC Hiltrup 1 - Schach Nienberge 2"]
[Site "Verbandsklasse 2018/2019"]
[Date "2018.10.06"]
[Round "2.5"]
[White "Kluczka, Konrad"]
[Black "Junk, Andreas"]
[Result "1/2-1/2"]
[WhiteElo "1776"]
[BlackElo "1748"]
[PlyCount "63"]
[EventDate "2018.??.??"]
[SourceDate "2018.10.06"]

1. e4 c5 2. c3 d5 3. exd5 Qxd5 4. d4 Nc6 5. Nf3 e6 6. Be2 Nf6 7. Na3 a6 8. O-O
Be7 9. Nc4 Qd8 10. dxc5 Qxd1 11. Rxd1 Bxc5 12. b4 Ba7 13. Be3 Nd5 14. Rac1 Nxe3
15. Nxe3 Ke7 16. Nc4 f6 17. a4 Rd8 18. b5 axb5 19. axb5 Rxd1+ 20. Rxd1 Nd8 21.
Kf1 Bc5 22. Nfd2 e5 23. Nb3 Ne6 24. Bf3 Ra2 25. Nxc5 Nxc5 26. Nb6 Be6 27. Nd5+
Kf7 28. Nb4 Ra5 29. Be2 Ra3 30. c4 Rb3 31. Nd5 Ra3 32. Nc7 1/2-1/2

[Event "SC Hiltrup 1 - Schach Nienberge 2"]
[Site "Verbandsklasse 2018/2019"]
[Date "2018.10.06"]
[Round "2.6"]
[White "Haves, Daniel"]
[Black "Scharlow, Siegmar"]
[Result "0-1"]
[WhiteElo "1618"]
[BlackElo "1689"]
[PlyCount "66"]
[EventDate "2018.??.??"]
[SourceDate "2018.10.06"]

1. f4 d5 2. Nf3 c5 3. e3 Nf6 4. Be2 Nc6 5. d3 g6 6. Nc3 Bg7 7. O-O O-O 8. e4
dxe4 9. dxe4 Nd4 10. e5 Nxe2+ 11. Qxe2 Nd5 12. Ne4 Nb4 13. a3 Na6 14. Rd1 Qe8
15. Be3 b6 16. Qf2 Bb7 17. Qh4 Bxe4 18. Ng5 h6 19. Nxe4 Qa4 20. f5 Qxc2 21.
Bxh6 Bxh6 22. Qxh6 Rfd8 23. f6 Rxd1+ 24. Rxd1 Qxd1+ 25. Kf2 Qc2+ 26. Kf3 Qd3+
27. Kf4 Qf1+ 28. Ke3 Qc1+ 29. Nd2 exf6 30. exf6 Re8+ 31. Kf3 Qd1+ 32. Kg3 Qe1+
33. Kf3 Qe2+ 0-1

[Event "SC Hiltrup 1 - Schach Nienberge 2"]
[Site "Verbandsklasse 2018/2019"]
[Date "2018.10.06"]
[Round "2.7"]
[White "Hagemann, Lars"]
[Black "Buchholz, Christian"]
[Result "1/2-1/2"]
[WhiteElo "1683"]
[BlackElo "1605"]
[PlyCount "71"]
[EventDate "2018.??.??"]
[SourceDate "2018.10.06"]

1. d4 d5 2. c4 e6 3. Nc3 Nf6 4. Nf3 Nc6 5. g3 h6 6. Bg2 Bb4 7. O-O O-O 8. a3
Bxc3 9. bxc3 dxc4 10. Qa4 Nd5 11. Qxc4 Na5 12. Qd3 Nb3 13. Rb1 Nxc1 14. Rfxc1
c6 15. e4 Nb6 16. c4 Qe7 17. c5 Nd7 18. a4 Rd8 19. Qc3 Nf6 20. Nd2 Qc7 21. Nc4
Ne8 22. Na5 Rb8 23. e5 Bd7 24. Rb2 b6 25. cxb6 Rxb6 26. Rcb1 Rc8 27. Qc5 Rcb8
28. Nc4 Rxb2 29. Rxb2 Rxb2 30. Nxb2 Qb6 31. Qc3 Nc7 32. a5 Qb5 33. Bf1 Nd5 34.
Qd2 Qb4 35. Qxb4 Nxb4 36. Nd3 1/2-1/2

[Event "SC Hiltrup 1 - Schach Nienberge 2"]
[Site "Verbandsklasse 2018/2019"]
[Date "2018.10.06"]
[Round "2.8"]
[White "May, Peter"]
[Black "Kösters, Michael"]
[Result "1-0"]
[WhiteElo "1555"]
[BlackElo "1550"]
[PlyCount "69"]
[EventDate "2018.??.??"]
[SourceDate "2018.10.06"]

1. e4 b6 2. d4 Bb7 3. Nc3 e6 4. Bd3 Bb4 5. Bd2 Nf6 6. Nge2 c5 7. Nb5 Bxd2+ 8.
Qxd2 d6 9. e5 c4 10. Nxd6+ Kf8 11. Nxb7 Qd5 12. Qb4+ Kg8 13. Qxc4 Qxc4 14. Bxc4
Nd5 15. Bxd5 exd5 16. Nf4 Nc6 17. O-O-O Ne7 18. Nd6 g6 19. g4 Kg7 20. h4 h6 21.
Nh3 Rad8 22. f4 Nc8 23. Nxc8 Rxc8 24. f5 Rc6 25. Nf4 Rd8 26. fxg6 fxg6 27. h5
g5 28. Ng6 Re6 29. Rhf1 Rde8 30. Rf5 Rc8 31. Rdf1 Rc7 32. c3 a5 33. Rf6 Rxf6
34. Rxf6 Rb7 35. Rd6 1-0

[Event "SF Beelen 2 - SC Rochade Emsdetten 3"]
[Site "Verbandsklasse 2018/2019"]
[Date "2018.10.06"]
[Round "2.1"]
[White "Lehmann, Mona"]
[Black "Fuisting, Dominik"]
[Result "1/2-1/2"]
[WhiteElo "1900"]
[BlackElo "1816"]
[PlyCount "48"]
[EventDate "2018.??.??"]
[SourceDate "2018.10.06"]

1. e4 c6 2. d4 d5 3. e5 Bf5 4. Nc3 e6 5. g4 Bg6 6. Nge2 Nd7 7. h4 h6 8. Nf4 Bh7
9. Be3 Ne7 10. Bg2 Ng6 11. Nxg6 Bxg6 12. Ne2 Be7 13. h5 Bh7 14. Qd2 Nb6 15. b3
Qc7 16. f4 c5 17. c3 cxd4 18. Bxd4 Bc5 19. Bxc5 Qxc5 20. Nd4 Rc8 21. Rc1 Nd7
22. Rh3 Nb8 23. Re3 Nc6 24. Nxc6 Rxc6 1/2-1/2

[Event "SF Beelen 2 - SC Rochade Emsdetten 3"]
[Site "Verbandsklasse 2018/2019"]
[Date "2018.10.06"]
[Round "2.2"]
[White "Hanewinkel, Christian"]
[Black "Bahr, Maximilian"]
[Result "1-0"]
[WhiteElo "1761"]
[BlackElo "1698"]
[PlyCount "69"]
[EventDate "2018.??.??"]
[SourceDate "2018.10.06"]

1. e4 d5 2. exd5 Qxd5 3. Nc3 Qa5 4. d4 Nf6 5. Bd2 Nc6 6. Bb5 Bd7 7. Nd5 Qxd2+
8. Qxd2 Nxd5 9. Bxc6 Bxc6 10. Nf3 e6 11. a3 b6 12. Ne5 Bb7 13. c4 Nf6 14. f3
Bd6 15. Rd1 h6 16. O-O Rd8 17. Qc2 O-O 18. Rfe1 c6 19. Qa4 a6 20. Nxc6 Rc8 21.
Ne5 Rc7 22. b4 Rfc8 23. b5 axb5 24. Qxb5 Bxa3 25. Qxb6 Be7 26. Ra1 Ne8 27. Ra7
Rb8 28. c5 Bd8 29. Qb2 f6 30. Nc6 Rxc6 31. Rxb7 Rbc8 32. Rb8 e5 33. Rxc8 Rxc8
34. Qb7 Rc7 35. Qd5+ 1-0

[Event "SF Beelen 2 - SC Rochade Emsdetten 3"]
[Site "Verbandsklasse 2018/2019"]
[Date "2018.10.06"]
[Round "2.3"]
[White "Gerighausen, Karl-Heinz"]
[Black "Beckmann, Frank"]
[Result "1/2-1/2"]
[WhiteElo "1656"]
[BlackElo "1746"]
[PlyCount "49"]
[EventDate "2018.??.??"]
[SourceDate "2018.10.06"]

1. d4 Nf6 2. c4 e6 3. Nc3 d5 4. cxd5 exd5 5. Bg5 Be7 6. e3 c6 7. Bd3 O-O 8. Qc2
h6 9. Bh4 Ne8 10. Bxe7 Qxe7 11. Nxd5 cxd5 12. Qxc8 Nf6 13. Qc2 Nc6 14. Nf3 Rac8
15. O-O Nxd4 16. Qd1 Nxf3+ 17. Qxf3 Qe5 18. Qe2 Rc7 19. Rac1 Rfc8 20. Rxc7 Qxc7
21. Rd1 b6 22. Bf5 Rd8 23. Qd2 Qe5 24. Bc2 Ng4 25. g3 1/2-1/2

[Event "SF Beelen 2 - SC Rochade Emsdetten 3"]
[Site "Verbandsklasse 2018/2019"]
[Date "2018.10.06"]
[Round "2.4"]
[White "Hofene, Markus"]
[Black "Colmer, Willi"]
[Result "1/2-1/2"]
[WhiteElo "1669"]
[BlackElo "1782"]
[PlyCount "66"]
[EventDate "2018.??.??"]
[SourceDate "2018.10.06"]

1. e4 c5 2. b3 Nc6 3. Bb2 d6 4. f4 Nf6 5. d3 Bg4 6. Be2 Bxe2 7. Nxe2 e6 8. h3
d5 9. e5 Nh5 10. O-O Qh4 11. Nd2 Ng3 12. Nf3 Nxe2+ 13. Qxe2 Qh5 14. Rae1 Be7
15. Kh2 Qf5 16. Bc1 h5 17. g3 O-O-O 18. Qf2 Nb4 19. Ba3 Kb8 20. d4 h4 21. g4
Qxf4+ 22. Kh1 Qg3 23. dxc5 Qxf2 24. Rxf2 Bxc5 25. Rfe2 Rc8 26. Bxb4 Bxb4 27.
Rf1 Rc3 28. Kh2 Be7 29. Nd4 Rf8 30. Nb5 Rc5 31. Nd4 Rc3 32. Nb5 Rc5 33. Nd4 Rc3
1/2-1/2

[Event "SF Beelen 2 - SC Rochade Emsdetten 3"]
[Site "Verbandsklasse 2018/2019"]
[Date "2018.10.06"]
[Round "2.5"]
[White "Fehlings, Gerd"]
[Black "Grothues, Fabian"]
[Result "1-0"]
[WhiteElo "1772"]
[BlackElo "1597"]
[PlyCount "61"]
[EventDate "2018.??.??"]
[SourceDate "2018.10.06"]

1. d4 d5 2. Nf3 Nf6 3. c4 e6 4. g3 Be7 5. Bg2 O-O 6. Qc2 Nc6 7. O-O dxc4 8.
Qxc4 Qd5 9. Qxd5 Nxd5 10. Nc3 Bf6 11. e3 Re8 12. Ne4 Be7 13. a3 Rb8 14. Bd2 Nf6
15. Nxf6+ Bxf6 16. Rac1 Bd7 17. Rc2 Rbc8 18. Rfc1 Bd8 19. e4 Ne7 20. Bf4 Ba4
21. b3 Bc6 22. Ne5 f6 23. Nxc6 Nxc6 24. d5 exd5 25. exd5 Nd4 26. d6 Ra8 27.
Bxb7 Rb8 28. Bd5+ Kf8 29. dxc7 Bxc7 30. Bxc7 Nxc2 31. Bd6+ 1-0

[Event "SF Beelen 2 - SC Rochade Emsdetten 3"]
[Site "Verbandsklasse 2018/2019"]
[Date "2018.10.06"]
[Round "2.6"]
[White "Gäbler, Marcel"]
[Black "Schulte, Ralf"]
[Result "1/2-1/2"]
[WhiteElo "1588"]
[BlackElo "1789"]
[PlyCount "57"]
[EventDate "2018.??.??"]
[SourceDate "2018.10.06"]

1. d4 d5 2. c4 e6 3. Nc3 Nf6 4. e3 Be7 5. Nf3 O-O 6. Bd2 b6 7. cxd5 Nxd5 8.
Nxd5 Qxd5 9. Qc2 c5 10. Bd3 Bb7 11. Bxh7+ Kh8 12. Bd3 cxd4 13. exd4 Rc8 14. Bc3
Nc6 15. Qe2 Nb4 16. a3 Nxd3+ 17. Qxd3 a5 18. h4 Ba6 19. Qe3 Bf6 20. h5 b5 21.
h6 g6 22. Qf4 Qf5 23. Qxf5 exf5 24. Ne5 Ra7 25. g4 fxg4 26. Nxg4 Re8+ 27. Kd1
Bg5 28. d5+ Kh7 29. Kc2 1/2-1/2

[Event "SF Beelen 2 - SC Rochade Emsdetten 3"]
[Site "Verbandsklasse 2018/2019"]
[Date "2018.10.06"]
[Round "2.7"]
[White "Fuhrmann, Andreas"]
[Black "Hofene, Werner"]
[Result "1-0"]
[WhiteElo "1703"]
[BlackElo "1752"]
[PlyCount "53"]
[EventDate "2018.??.??"]
[SourceDate "2018.10.06"]

1. Nf3 Nf6 2. c4 g6 3. g3 Bg7 4. Bg2 O-O 5. d4 d6 6. O-O Nbd7 7. Nc3 e5 8. h3
Re8 9. e4 exd4 10. Nxd4 Nc5 11. Re1 Ne6 12. Be3 Nd7 13. Nxe6 Rxe6 14. Bd4 Bxd4
15. Qxd4 Ne5 16. b3 g5 17. Rad1 Bd7 18. Qe3 Kg7 19. f4 gxf4 20. gxf4 Nc6 21.
Nd5 f5 22. Qc3+ Kf7 23. exf5 Rxe1+ 24. Rxe1 Bxf5 25. Nxc7 Qxc7 26. Bd5+ Kg6 27.
Qg3+ 1-0

[Event "SF Beelen 2 - SC Rochade Emsdetten 3"]
[Site "Verbandsklasse 2018/2019"]
[Date "2018.10.06"]
[Round "2.8"]
[White "Bleier, Thomas"]
[Black "Hoppe, Nico"]
[Result "1/2-1/2"]
[WhiteElo "1652"]
[BlackElo "1652"]
[PlyCount "79"]
[EventDate "2018.??.??"]
[SourceDate "2018.10.06"]

1. e4 c6 2. d4 d5 3. Nd2 dxe4 4. Nxe4 Bf5 5. Ng3 Bg6 6. Nf3 Nd7 7. Bc4 e6 8.
O-O Be7 9. Re1 h6 10. c3 Nb6 11. Bb3 Nf6 12. Qe2 Nbd5 13. Ne5 Bh7 14. Nh5 O-O
15. Qf3 Nxh5 16. Qxh5 Bf6 17. Ng4 Bg6 18. Qh3 Bg5 19. Qg3 Bxc1 20. Raxc1 Qg5
21. Bxd5 cxd5 22. h4 Qd2 23. h5 Bf5 24. Rcd1 Qg5 25. f3 Kh8 26. Kf2 Qxh5 27.
Rh1 Qg6 28. Rh4 Bxg4 29. Rxg4 Qc2+ 30. Ke1 Qxb2 31. Rxg7 Qxc3+ 32. Ke2 Rg8 33.
Rxg8+ Rxg8 34. Qe5+ Kh7 35. g4 Qc4+ 36. Ke3 Qxa2 37. Qc7 Qa3+ 38. Rd3 Qb4 39.
Qxf7+ Rg7 40. Qh5 1/2-1/2